[Event "SLO-ch U14 Girls"]
[Site "Rogaska Slatina"]
[Date "2009.02.24"]
[Round "5"]
[White "Leonardi, Caterina"]
[Black "Milic, Pia"]
[Result "1-0"]
[WhiteElo "1623"]
[BlackElo "1500"]
[PlyCount "47"]
[EventDate "2009.02.22"]
[EventType "swiss"]
[EventRounds "9"]
[EventCountry "SLO"]
[SourceTitle "CBM 129 Extra"]
[Source "ChessBase"]
[SourceDate "2009.05.05"]
[SourceVersion "2"]
[SourceVersionDate "2009.05.20"]
[SourceQuality "1"]

1. d4 Nf6 2. Nf3 g6 3. c4 d5 4. Nc3 Bg7 5. Bf4 c5 6. e3 0-0 7. Be2 dxc4 8. Bxc4 cxd4 9. exd4 Re8 10. 0-0 a6 11. Ne5 e6 12. Rc1 Qb6 13. Bb3 Nc6 14. Be3 Qc7 15. Nxc6 Qxc6 16. Nd5 Qxc1 17. Nxf6+ Bxf6 18. Qxc1 Rd8 19. Bh6 b5 20. d5 exd5 21. Bxd5 Ra7 22. h3 Rxd5 23. Qc6 Be6 24. Qe8# 1-0